Diagnóstico Técnico de Producción Más Limpia para la Panadería Zuriyhon en el municipio de Estelí, Nicaragua
El estudio presenta la realización de un Diagnóstico de Producción Más Limpia para la panadería Zuriyhon de la ciudad de Estelí, con la investigación se determinaron las etapas de los procesos productivos, el consumo de agua, energía eléctrica, generación de residuos y rendimiento del prod...
| Main Authors: | , |
|---|---|
| Other Authors: | |
| Format: | Tesis Section = Libro |
| Language: | Undetermined Spanish |
| Published: |
Managua
UNI
2020
|
| Subjects: |
| LEADER | 01348nam a2200265Ia 4500 | ||
|---|---|---|---|
| 008 | 240830s9999 xx 000 0 und d | ||
| 040 | |a BIBLIOTECA-RUPAP Mon 658.576 R173 | ||
| 041 | |a spa | ||
| 082 | |a Mon 658.576 R173 | ||
| 100 | 1 | |a Ramírez Ramos, Bianka Patricia | |
| 100 | 1 | |b Alvarado Tinoco, Diana Margoth | |
| 245 | 1 | 0 | |a Diagnóstico Técnico de Producción Más Limpia para la Panadería Zuriyhon en el municipio de Estelí, Nicaragua |
| 260 | |a Managua |b UNI |c 2020 | ||
| 300 | |a 150 p. :il. | ||
| 500 | |a Contiene: anexos y CD. | ||
| 502 | |a Tesis (Ingeniero Agroindustrial) - UNI, 2020. | ||
| 520 | 3 | |a El estudio presenta la realización de un Diagnóstico de Producción Más Limpia para la panadería Zuriyhon de la ciudad de Estelí, con la investigación se determinaron las etapas de los procesos productivos, el consumo de agua, energía eléctrica, generación de residuos y rendimiento del producto, con la finalidad de elaborar plan de mejora para la empresa y proponer alternativas de Producción más Limpia integrada a la cadena productiva correspondiente. | |
| 650 | 7 | |a DESARROLLO DE PRODUCTOS | |
| 650 | 7 | |b PROCESOS DE MANUFACTURA | |
| 650 | 7 | |c PLANIFICACION EMPRESARIAL | |
| 650 | 7 | |d PAN-COMERCIO. | |
| 700 | 1 | |a Tutor: |b Bustillo,. Mariliana Videa | |
| 942 | |c BK |2 ddc | ||
| 991 | |a TESIS | ||
| 999 | |c 18937 | ||